000 00324nam a22001337a 4500
020 _a0-9606492-0-4
082 _a796.323 HAN'P
100 _aHANKINSION, MEL
_962295
245 _aPROGRESSIONS FOR TEACHING BASKETBALL
250 _a3RD
260 _aCALIFORNIA
_bEDUCATIONAL PRODUCTS
_c1990
300 _a305P
942 _cBK
999 _c571446
_d571446